|
|
|
|
| LEADER |
01405nam a22003732a 4500 |
| 001 |
000198774 |
| 003 |
CZ BrMZK |
| 005 |
20181030074500.0 |
| 007 |
ta |
| 008 |
970107s1979 xo f slo d |
| 040 |
|
|
|a BOA001
|b cze
|
| 043 |
|
|
|a e-xo---
|
| 045 |
|
|
|a x7x7
|
| 072 |
|
7 |
|a 378
|x Vysoké školy
|2 Konspekt
|9 22
|
| 080 |
|
|
|a 378.6:62
|2 MRF
|
| 080 |
|
|
|a 378-057.8
|2 MRF
|
| 080 |
|
|
|a 316:303
|2 MRF
|
| 080 |
|
|
|a (437.6)
|2 MRF
|
| 080 |
|
|
|a (047)
|2 MRF
|
| 100 |
1 |
|
|a Ritomský, Alojz,
|d 1945-
|7 xx0096561
|4 aut
|
| 245 |
1 |
0 |
|a Záverečná správa zo sociologického výskumu uplatnenia absolventov technických smerov štúdia v SSR z roku 1972 v praxi /
|c Alojz Ritomský
|
| 250 |
|
|
|a 1. vyd.
|
| 260 |
|
|
|a Bratislava :
|b Slovenská pedagogická knižnica,
|c 1979
|
| 300 |
|
|
|a 93 s.
|
| 648 |
|
4 |
|a 1972
|
| 648 |
|
7 |
|a 1971-1980
|7 ch460585
|2 czenas
|
| 650 |
0 |
7 |
|a vysoké technické školy
|7 ph127286
|z Slovensko
|y 1971-1980
|2 czenas
|
| 650 |
0 |
7 |
|a absolventi vysokých škol
|7 ph118242
|z Slovensko
|y 1971-1980
|2 czenas
|
| 650 |
0 |
7 |
|a sociologický výzkum
|7 ph125750
|z Slovensko
|y 1971-1980
|2 czenas
|
| 655 |
|
7 |
|a zprávy
|7 fd133875
|2 czenas
|
| 910 |
|
|
|a BOA001
|b PK-0089.731
|b 2-0829.986
|
| 990 |
|
|
|a BK
|
| 996 |
7 |
|
|b 2619397873
|c 2-0829.986
|l MZK
|r Sklad / do 1 hodiny
|n 0
|w 000198774
|u 000020
|a 1
|e BOA001
|j MZK50
|s A
|
| 996 |
7 |
|
|b 3119930382
|c PK-0089.731
|l MZK
|r Sklad / do 1 hodiny
|n 0
|w 000198774
|u 000010
|a 1
|e BOA001
|j MZK50
|s A
|